Les 10 villes des États-Unis les plus peuplées commençant par H - Statistiques

Statistiques générales
  • Ce quiz a été pris 18 fois
  • Le résultat moyen est 3 sur 10
Statistiques - réponses
# Ville Population % Correct
1 Houston 2.314.157
100%
2 Honolulu 341.778
59%
3 Henderson 337.305
29%
9 Hampton 137.098
18%
4 Huntsville 225.564
18%
10 Hartford 119.669
12%
5 Hialeah 221.300
6%
8 Hollywood 153.859
6%
6 Huntington Beach 192.129
6%
7 Hayward 155.675
0%
Aucun quiz correspondant
Distribution des résultats
% des personnes avec chaque résultat
Percentile par nombre de réponses
Votre historique - résultats
Vous n’avez pas pris ce quiz